Hafenpläne der Ost- und Nordsee

Titel: Hafenpläne der Ost- und Nordsee : umfassend die deutsche Küste der Ostsee mit Bodden und Haffs, die schwedische Küste von Gotenburg bis Ystad, die gesamten dänischen Gewässer und die deutsche Küste der Nordsee ; 270 Hafenpl. u. 37 Abb. / im Auftr. der Kreuzer-Abteilung des Deutschen Segler-Verbandes bearb. von Ludwig LeBret ...
Beteiligt:
Veröffentlicht: Berlin : R. C. Schmidt, 1927
Umfang: 230 S.
Format: Buch
Sprache: Deutsch
Kein Bild verfügbar
X
Lokale Klassifikation: 12 13 E
alg: 19739756
001A    $00077:01-04-08 
001B    $01999:03-06-23 $t03:08:40.000 
001C    $00077:01-04-08 $t13:59:52.000 
001D    $00077:23-05-08 
001U    $0utf8 
001X    $00 
002@    $0Aaf 
003@    $0197397565 
003O    $0613762053 $aOCoLC 
007A    $0197397565 $aHEB 
007T    $0Herdhh197397565 
010@    $ager 
011@    $a1927 
021A    $aHafenpläne der Ost- und Nordsee $dumfassend die deutsche Küste der Ostsee mit Bodden und Haffs, die schwedische Küste von Gotenburg bis Ystad, die gesamten dänischen Gewässer und die deutsche Küste der Nordsee ; 270 Hafenpl. u. 37 Abb. $him Auftr. der Kreuzer-Abteilung des Deutschen Segler-Verbandes bearb. von Ludwig LeBret ... 
027A/01 $aHafenpläne der Ostsee und Nordsee 
028C    $BBearb. $#LeBret, Ludwig $7 $8Le Bret, Ludwig [Tnd] $9158251040 
033A    $pBerlin $nR. C. Schmidt 
034D    $a230 S. 
045F    $a330.094317 $eDDC23BSB 
045F/01 $a330.09 
045F/03 $g4317 

lok: 19739756 24
101B    $018-04-08 $t14:49:35.000 
101C    $018-04-08 
101U    $0utf8 
145Z/01 $a12 13 E 

exp: 19739756 24 1 #EPN
201B/01 $018-04-08 $t14:49:35.000 
201C/01 $018-04-08 
201U/01 $0utf8 
203@/01 $0542668440 
208@/01 $a18-04-08 $br 
209A/01 $a12 XIII E 3 $du $f050 $h12 13 E 3 $x00 
209C/01 $a853 K 53 $h53 0853 K 
209G/01 $a70877643 $x00 
220C/01 $agro 
247C/01 $8358050-7 Marburg, Bibliothek des Herder-Instituts Marburg $9102600961 

lok: 19739756 25

exp: 19739756 25 1 #EPN
201B/01 $001-04-08 $t13:59:52.000 
201C/01 $001-04-08 
201U/01 $0utf8 
203@/01 $0541774573 
206W/01 $0029-0483 
208@/01 $a01-04-08 $brum 
209A/01 $a4° AL 6968 $du $f000 $hAL 6968 $x00 
209C/01 $a1970 G 2805 
209G/01 $a40970427 $x00 
209G/01 $aMAG $x01 
247C/01 $8651000-0 <77>Mainz, Universität Mainz, Zentralbibliothek $9102599602 

lok: 19739756 78

exp: 19739756 78 1 #EPN
201B/01 $019-04-17 $t21:13:54.000 
201U/01 $0utf8 
203@/01 $0793281903 
208@/01 $a12-11-16 $be 
209A/01 $a/ $f000 $x00 
220C/01 $aAnmerkung: *ng 
237A/01 $aweiterführende Signatur(en): Herder-Institut: 12 XIII E 3 
245Z/01 $a09.05 $x01 
247C/01 $82080>Marburg/Lahn, Herder-Institut, Forschungsbibliothek, Bibliographieportal $9336309341 

lok: 19739756 204

exp: 19739756 204 1 #EPN
201B/01 $021-07-11 $t08:47:24.000 
201C/01 $021-07-11 
201U/01 $0utf8 
203@/01 $0623883244 
208@/01 $a21-07-11 $brZKAW 
209A/01 $a064 G A 64/130 $du $f000 $x00 
220B/01 $aRetro 030076 
245S/01 $a10200 $x01 
247C/01 $8631000-x <26>Gießen, Universität Gießen, Universitätsbibliothek Gießen $9102596697
LEADER 00000cam a22000002c 4500
001 197397565
003 DE-603
005 20230603030840.0
007 tu
008 080401s1927 xx |||| | u00||u|ger c
035 |a (DE-599)HEB197397565 
035 |a (OCoLC)613762053 
040 |a DE-603  |b ger  |c DE-603  |d DE-603 
041 |a ger 
082 0 4 |8 1\u  |a 330.094317  |q DE-101  |2 23/BSB 
085 |8 1\u  |b 330.09 
085 |8 1\u  |z 2  |s 4317 
245 0 0 |a Hafenpläne der Ost- und Nordsee  |b umfassend die deutsche Küste der Ostsee mit Bodden und Haffs, die schwedische Küste von Gotenburg bis Ystad, die gesamten dänischen Gewässer und die deutsche Küste der Nordsee ; 270 Hafenpl. u. 37 Abb.  |c im Auftr. der Kreuzer-Abteilung des Deutschen Segler-Verbandes bearb. von Ludwig LeBret ... 
246 1 3 |a Hafenpläne der Ostsee und Nordsee 
264 1 |a Berlin  |b R. C. Schmidt  |c 1927 
300 |a 230 S. 
700 1 |a Le Bret, Ludwig  |e Bearb.  |4 edt  |0 (DE-603)158251040 
924 0 |9 Mb 50  |a (DE-603)542668440  |b DE-Mb50  |c HES  |d c  |g 12 XIII E 3 
924 0 |9 77  |a (DE-603)541774573  |b DE-77  |c HES  |d c  |g 4° AL 6968  |h MAG 
924 0 |9 2080  |a (DE-603)793281903  |b DE-2080  |c HES  |d d  |g / 
924 0 |9 26  |a (DE-603)623883244  |b DE-26  |c HES  |d c  |g 064 G A 64/130